Previous Club -- Arsenal Players - Statistics

General Stats
  • This quiz has been taken 51 times
  • The average score is 16 of 21
Answer Stats
Hint Answer % Correct
Gabriel Jesus Manchester City
100%
Kai Havertz Chelsea
98%
Eberechi Eze Crystal Palace
98%
Viktor Gyokeres Sporting CP
98%
Declan Rice West Ham United
98%
Noni Madueke Chelsea
93%
Kepa Arrizabalaga Chelsea
89%
Martin Odegaard Real Madrid
89%
Martin Zubimendi Real Sociedad
89%
Leandro Trossard Brighton & Hove Albion
86%
Mikel Merino Real Sociedad
82%
Jurrien Timber AFC Ajax
80%
Christian Norgaard Brentford
77%
David Raya Brentford
77%
Ben White Brighton & Hove Albion
77%
Piero Hincapie Bayer 04 Leverkusen
70%
Riccardo Calafiori Bologna
68%
Cristhian Mosquera Valencia
50%
Gabriel Magalhaes Lille
43%
William Saliba Olympique de Marseille
43%
Gabriel Martinelli Ituano
20%
No matching quizzes found
Score Distribution
Percent of People with Each Score
Percentile by Number Answered
Your Score History
You have not taken this quiz